000 00220nam a2200097Ia 4500
008 170619s9999 xx 000 0 und d
100 _aVERMA- KUMAR K
245 0 _aDATA STRUCTURES USING C
260 _bA B PUB.
260 _c2008
546 _aENGLISH
999 _c18574
_d18574